| 000 | 00836nam a2200217Ia 4500 | ||
|---|---|---|---|
| 001 | 11486 | ||
| 003 | GE_BSU | ||
| 008 | 181216s||||||||xx |||||||||||||| ||und|| | ||
| 040 | _cGE_BSU | ||
| 080 | _a616-7+616-07 | ||
| 100 | _aკანდელაკი,ქეთევან. | ||
| 245 | _aლაბორატორიული ტექნიკა | ||
| 245 | _bსახელმძღვანელო მედლაბორანტთათვის. | ||
| 245 | _cრედ:ნ.კილოსანიძე. | ||
| 260 | _aთბილისი | ||
| 260 | _bცოდნა | ||
| 260 | _c1958 | ||
| 300 | _a206გვ;22სმ. | ||
| 653 | _aლაბორატორიული ტექნიკა.სახელმძღვანელო მედლაბორანტთათვის. | ||
| 942 | _cBK | ||
| 999 |
_c44682 _d44682 |
||